<?xml version='1.0' encoding='UTF-8'?>
  <record xmlns="http://www.loc.gov/MARC21/slim">
    <leader>00000cam a22000007i 4500</leader>
    <controlfield tag="001">ocm65990195</controlfield>
    <controlfield tag="003">OCoLC</controlfield>
    <controlfield tag="005">20251126010158.1</controlfield>
    <controlfield tag="008">920820s1912    ne            000 0 dut d</controlfield>
    <datafield tag="040" ind1=" " ind2=" ">
      <subfield code="a">NLGGC</subfield>
      <subfield code="b">dut</subfield>
      <subfield code="e">fobidrtb</subfield>
      <subfield code="c">NLGGC</subfield>
      <subfield code="d">OCLCO</subfield>
      <subfield code="d">OCLCL</subfield>
      <subfield code="d">OCLCQ</subfield>
    </datafield>
    <datafield tag="029" ind1="0" ind2=" ">
      <subfield code="a">NLGGC</subfield>
      <subfield code="b">097202800</subfield>
    </datafield>
    <datafield tag="035" ind1=" " ind2=" ">
      <subfield code="a">(OCoLC)65990195</subfield>
    </datafield>
    <datafield tag="100" ind1="1" ind2=" ">
      <subfield code="a">Flier, A. van der</subfield>
      <subfield code="q">(Abraham),</subfield>
      <subfield code="c">g.jz.,</subfield>
      <subfield code="d">1869-1947.</subfield>
      <subfield code="1">https://id.oclc.org/worldcat/entity/E39PCjGgDx8JkYdfkdbdkRmdjP</subfield>
    </datafield>
    <datafield tag="245" ind1="1" ind2="3">
      <subfield code="a">De beteekenis van het geloof in Jezus Christus voor onzen tijd /</subfield>
      <subfield code="c">door A. van der Flier G.Jz, ; [woord vooraf van F. van Gheel Gildemeester].</subfield>
    </datafield>
    <datafield tag="260" ind1=" " ind2=" ">
      <subfield code="a">'s-Gravenhage :</subfield>
      <subfield code="b">Daamen,</subfield>
      <subfield code="c">[1912]</subfield>
    </datafield>
    <datafield tag="300" ind1=" " ind2=" ">
      <subfield code="a">38 p. ;</subfield>
      <subfield code="c">22 cm.</subfield>
    </datafield>
    <datafield tag="336" ind1=" " ind2=" ">
      <subfield code="a">tekst</subfield>
      <subfield code="b">txt</subfield>
      <subfield code="2">rdacontent/dut</subfield>
    </datafield>
    <datafield tag="337" ind1=" " ind2=" ">
      <subfield code="a">zonder medium</subfield>
      <subfield code="b">n</subfield>
      <subfield code="2">rdamedia/dut</subfield>
    </datafield>
    <datafield tag="338" ind1=" " ind2=" ">
      <subfield code="a">band</subfield>
      <subfield code="b">nc</subfield>
      <subfield code="2">rdacarrier/dut</subfield>
    </datafield>
    <datafield tag="500" ind1=" " ind2=" ">
      <subfield code="a">Uitg. van "Middaghoogte", Vereeniging tot verdediging en verdieping der christelijke wereldbeschouwing te 's-Gravenhage.</subfield>
    </datafield>
    <datafield tag="530" ind1=" " ind2=" ">
      <subfield code="a">Boek wordt verfilmd Metamorfoze UBU.</subfield>
    </datafield>
    <datafield tag="530" ind1=" " ind2=" ">
      <subfield code="a">Titel wordt gedigitaliseerd voor de Universitaire Bibliotheken Leiden in het kader van Metamorfoze.</subfield>
    </datafield>
    <datafield tag="700" ind1="1" ind2=" ">
      <subfield code="a">Gheel Gildemeester, F. van</subfield>
      <subfield code="q">(Francis),</subfield>
      <subfield code="d">1855-1929.</subfield>
      <subfield code="1">https://id.oclc.org/worldcat/entity/E39PCjJjyQPtbGFHqkMQRQXHfm</subfield>
    </datafield>
    <datafield tag="710" ind1="2" ind2=" ">
      <subfield code="a">"Middaghoogte", Vereeniging tot verdediging en verdieping der christelijke wereldbeschouwing ('s-Gravenhage)</subfield>
    </datafield>
    <datafield tag="776" ind1="0" ind2=" ">
      <subfield code="t">De beteekenis van het geloof in Jezus Christus voor onzen tijd</subfield>
      <subfield code="w">(NL-LeOCL)435835610</subfield>
    </datafield>
    <datafield tag="936" ind1=" " ind2=" ">
      <subfield code="a">BATCHLOAD</subfield>
    </datafield>
  </record>